Guess the top 25 players with the most all star votes in NBA history - Statistics

General Stats
  • This quiz has been taken 32 times
  • The average score is 17 of 25
Answer Stats
Votes Players % Correct
15.1M Michael Jordan
97%
39.5M Kevin Durant
94%
66.7M LeBron James
94%
35.6M Stephen Curry
94%
30.2M Kobe Bryant
87%
37.6M Giannis Antetokounmpo
84%
25.9M Luka Doncic
84%
23.8M Shaquille O’Neal
84%
22.4M Nikola Jokic
81%
20.3M James Harden
74%
19.6M Tim Duncan
71%
17.8M Allen Iverson
61%
22.3M Dwayne Wade
61%
16.1M Kawhi Leonard
61%
22.0M Kyrie Irving
61%
17.2M Dwight Howard
58%
17.9M Jayson Tatum
58%
26.2M Joel Embiid
58%
21.5M Kevin Garnett
55%
25.2M Anthony Davis
52%
19.0M Carmelo Anthony
52%
14.9M Paul George
52%
17.6M Vince Carter
39%
13.7M Tracy McGrady
35%
15.5M Yao Ming
32%
No matching quizzes found
Score Distribution
Percent of People with Each Score
Percentile by Number Answered
Your Score History
You have not taken this quiz